1224 1519 1772 1722 1800 1499 1898 1086 1760 1050 1388 1095 1564 1146 1353 1020 1104 1785 1909 1983 1547 1733 1318 1486 1757 1893 1950 1331 1061 1606 1919 1992 1165 1900 1283 1783 1362 1274 1334 1759 1296 1236 1640 1759 1046 1115 1992 1989 1883 1231 1770 1996 1530 1813 1029 1956 1222 1572 1761 1564 1695 1772 1786 1844 1647 1834 1088 1550 1099 1482 1934 1455 1630 1019 1357 1196 1262 1739 1727 1716 1656 1792 1378 1363 1704 1606 1284 1795 1087 1303 1396 1496 1468 1706 1816 1570 1971 1217 1702 BCNSPRNW ULIB Ver.6.0+V

เปลี่ยนเป็นภาษาไทย

Change to English
 แสดงรายละเอียดบรรณานุกรม
  กลับหน้าหลัก

Brief Record : Get Marc (ISO 2709) : E-mail record : QR code < ปิดหน้าต่าง
LEADER : 00000nam 2200000uu 4500
001    13399112301
003     ULIB
008    110219s2541||||th 000 0 tha d
020    97429115
060 04 WY150^bก496ก 2541
110 1  คณาจารย์สถาบันพระบรมราชชนก
245 10 การพยาบาลผู้ใหญ่และผู้สูงอายุ เล่ม 2(2541) /^cคณาจารย์สถาบันพระบรมราชชนก
250    พิมพ์ครั้งที่ 1
260    นนทบุรี :^bสถาบันพระบรมราชชนก, ^c2541
300    604 หน้า :^bภาพประกอบ ;^c26 ซม.
650  7 การพยาบาล^xในวัยชรา
650  7 การพยาบาล^xในวัยผู้ใหญ่
650  7 การพยาบาลผู้สูงอายุ
650  7 ผู้สูงอายุ^xการดูแล
945    ^p0^l0^i009610
945    ^p0^l0^i009611
945    ^p0^l0^i009612
945    ^p0^l0^i009613
945    ^p0^l0^i009614
945    ^p0^l0^i009615
945    ^p0^l0^i009616
945    ^p0^l0^i009617
945    ^p0^l0^i009618
945    ^p0^l0^i009619
945    ^p0^l0^i009620
945    ^p0^l0^i009621
945    ^p0^l0^i009622
945    ^p0^l0^i009878
995    ทศพร
999 ^a ใช้งานได้ทุกระบบ
รายการนี้ยังไม่มีแท็ก
คุณยังไม่ได้ล็อกอิน คุณสามารถมีกิจกรรมร่วมกับเว็บไซต์ได้ แต่ต้องล็อกอินก่อน ::
  ล็อกอิน

รายการสื่อสารสนเทศ

ลำดับที่ ประเภท เลขเรียก/บาร์โค้ด สถานที่ สถานะ
- ไม่พบข้อมูล -

รายการใกล้เคียง
    หัวเรื่อง [การพยาบาลผู้สูงอายุ]
    หัวเรื่อง [ผู้สูงอายุ การดูแล]

BibComment


ยังไม่เคยถูกคอมเมนท์

คอมเมนท์ทรัพยากรรายการนี้
  คอมเมนท์: การพยาบาลผู้ใหญ่แ..


 Copyright 2026. Bcnsprnw @Library